Pensamiento en acción /

En este libro se encuentran publicados los discursos de Adolfo López Mateos, a partir de su toma de posesión en 1958; la obra completa se encuentra en dos volúmenes, de los cuales contamos con el primero en el Fondo Reynoso.

Збережено в:
Бібліографічні деталі
Співавтор: México Presidente. 1958-1964 (López Mateos)
Інші автори: Luna Arroyo, Antonio (prólogo) (prólogo)
Формат: Книга
Мова:Іспанська
Предмети:
Теги: Додати тег
Немає тегів, Будьте першим, хто поставить тег для цього запису!

MARC

LEADER 00000nam^a2200000^a^4500
001 000131611
005 20250521000000.0
009 20260310095030.162
037 |a Acervo ITESO - Biblioteca 
041 |a ESP 
082 |a 320. 9720634  |b MEX 
110 |a México  |b Presidente. 1958-1964 (López Mateos) 
245 1 0 |a Pensamiento en acción /  |c A. López Mateos ; pról. de A. Luna Arroyo. 
264 |a México :  |b La Justicia,  |c 1961 
300 |a IX, 361 p. 
336 |a texto  |b txt  |2 rdacontenido 
337 |a sin mediación  |b n  |2 rdamedio 
338 |a volumen  |b nc  |2 rdasoporte 
520 |a En este libro se encuentran publicados los discursos de Adolfo López Mateos, a partir de su toma de posesión en 1958; la obra completa se encuentra en dos volúmenes, de los cuales contamos con el primero en el Fondo Reynoso. 
649 |a XX 
650 |a Jefes de Estado Mexicanos -  |x Discursos 
650 |a Políticos Mexicanos -  |x Discursos 
650 |a Discurso Político -  |z México -  |x Historia -  |y 1958-1964 
650 |a Política -  |z México -  |x Historia -  |y 1958-1964 
650 |a México -  |x Historia -  |y 1958-1964 
650 |a México -  |x Historia -  |y 1946-2000 
650 |a México -  |x Historia -  |y 1928-2000 
650 |a México -  |x Historia -  |y Siglo XX 
650 |a López Mateos, Adolfo 
700 |a Luna Arroyo, Antonio  |e (prólogo) 
910 |a Fondo Salvador Reynoso Reynoso 
920 |a Impresos - Libros 
930 |a Fondos Especiales 
905 |a 112 
901 |a 0800012253  |b IT2  |c ESP  |u 20250521 
902 |a https://opac.biblio.iteso.mx/vufind/Record/000131611